00388nam a2200121Ia 4500003000400000005001700004008004100021040001800062041000800080100005200088245008800140260003800228OSt20260401122756.0211028s2013 xx 000 0 und d cAIMIT LIBRARY aeng aFernandes, Vicky J; Kairanna, Sneha S.g1116172 aStudy on decrease in the customer interest towards blackberrys menswear Mangalore / aMangalorebSneha S Kairannac2013